NLSUI OPAC header image

Other powers : The age of suffrage, spiritualism and the scandalous Victoria Woodhull (Record no. 38181)

MARC details
000 -LEADER
fixed length control field 01402nam a2200217Ia 4500
003 - CONTROL NUMBER IDENTIFIER
control field OSt
005 - DATE AND TIME OF LATEST TRANSACTION
control field 20210304103717.0
008 - FIXED-LENGTH DATA ELEMENTS--GENERAL INFORMATION
fixed length control field 160316s1998 xxu||||| |||| 00| 0 eng d
020 ## - INTERNATIONAL STANDARD BOOK NUMBER
International Standard Book Number 9780060953324
040 ## - CATALOGING SOURCE
Transcribing agency n
082 ## - DEWEY DECIMAL CLASSIFICATION NUMBER
Classification number 305.420000
Item number GOL
100 ## - MAIN ENTRY--PERSONAL NAME
Personal name Goldsmith Barbara
245 ## - TITLE STATEMENT
Title Other powers : The age of suffrage, spiritualism and the scandalous Victoria Woodhull
260 ## - PUBLICATION, DISTRIBUTION, ETC.
Place of publication, distribution, etc. New York
Name of publisher, distributor, etc. Alfred A Knopf
Date of publication, distribution, etc. 1998
300 ## - PHYSICAL DESCRIPTION
Extent 531p
365 ## - TRADE PRICE
Price amount Gratis
505 ## - FORMATTED CONTENTS NOTE
Formatted contents note Contents: <br/>Born again in the Lamb's blood;<br/>A child without a childhood;<br/>The spiritual telegraph;<br/>My long-accumulating discontent;<br/>You ugly creature;<br/>True wife;<br/>Willfully did kill;<br/>God bless this trinity;<br/>An accident of fate;<br/>Draw its fangs;<br/>A dangerous man;<br/>Written in fire;<br/>To equal account;<br/>Consult the spirits;<br/>We are ready. We are prepared;<br/>Soup for three;<br/>A hard place;<br/>The evangel ;<br/>Your child is not my child;<br/>The yawning edge of hell;<br/>The Woodhull memorial;<br/>Silence, time, and patience;<br/>The worst gang;<br/>This girl is a tramp;<br/>Yes! I am a free lover!;<br/>A heavy load;<br/>Mrs. Satan;<br/>Burst like a bombshell;<br/>I can endure no longer;<br/>What have we done now;<br/>A monstrous conspiracy;<br/>Human hyenas;<br/>Daniel in the lion's den;<br/>A meteor's dash;<br/>The last enemy
650 ## - SUBJECT ADDED ENTRY--TOPICAL TERM
Topical term or geographic name entry element 1. Feminists - Biography - U S A 2. Women - Suffrage - History3. Suffgragists
700 ## - ADDED ENTRY--PERSONAL NAME
Personal name
--
942 ## - ADDED ENTRY ELEMENTS (KOHA)
Source of classification or shelving scheme Dewey Decimal Classification
Koha item type BOOKs
Holdings
Withdrawn status Lost status Damaged status Not for loan Home library Current library Shelving location Date acquired Total Checkouts Full call number Barcode Date last seen Price effective from Koha item type
        . . Library Compactors 30.05.2017   305.42 GOL 32281 30.05.2017 30.05.2017 BOOKs